Normal view
MARC view
Entry Personal Name
001 - CONTROL NUMBER
- control field: 25935
003 - CONTROL NUMBER IDENTIFIER
- control field: Doon University
005 - DATE AND TIME OF LATEST TRANSACTION
- control field: 20260116122116.0
008 - FIXED-LENGTH DATA ELEMENTS
- fixed length control field: 260116|| aca||aabn | a|a d
040 ## - CATALOGING SOURCE
- Original cataloging agency: Doon University
- Transcribing agency: Doon University
100 ## - HEADING--PERSONAL NAME
- Personal name: Pundir, Sudhir Kumar
670 ## - SOURCE DATA FOUND
- Source citation: Work cat.: (Doon University)59975: Pundir, Sudhir Kumar, Functional analysis, 2024